000 00814nam a2200205 i 4500
001 157538
003 ES-MaACL
005 20250724075216.0
008 960320s1890 sp |||| | spa d
040 _aCLM
_bspa
_cCCPB | SIC
100 1 _aLeón y Ortiz, Eduardo,
_d1846-1910
_971657
245 1 0 _aDiscurso [sobre la figura de la tierra] leído en la Universidad Central, en la solemne inauguración del curso académico de 1890 a 1891 /
_cEduardo León y Ortiz.
260 _aMadrid :
_b[s.n.],
_c1890 (
_fImp. Colonial, a cargo de G. Gutiérrez)
300 _a75 p. ;
_c27 cm.
650 7 _aGeodesia
_2embne
_913068
710 2 _aUniversidad Central (Madrid)
_97084
852 _aES-MaACL
_jT-521-F-3
_z- Enc. hol., conservando la enc. original
_cDEPOF
942 _2udc
999 _c157538
_d157538